Estratificación de hogares y segmentos por nivels de ingreso en el censo 2000 /
Guardado en:
| Autor principal: | |
|---|---|
| Autor Corporativo: | |
| Formato: | Procedimiento de la Conferencia |
| Etiquetas: |
Agregar Etiqueta
Sin Etiquetas, Sea el primero en etiquetar este registro!
|
MARC
| LEADER | 00000 a a2200000 04500 | ||
|---|---|---|---|
| 001 | 44965 | ||
| 003 | |||
| 040 | |||
| 100 | |a Madrigal Pana, Johnny | ||
| 245 | |a Estratificación de hogares y segmentos por nivels de ingreso en el censo 2000 / |c Johnny Madrigal Pana | ||
| 500 | |a Métódos de estratificación socioeconómica y familiar: Parte I | ||
| 711 | |a Simposio a la Luz del Censo 200 (5-6 de agosto del 2002) | ||
| 773 | |g páginas 29-62 | ||
| 999 | |c 36582 |d 36582 | ||
